000 00692nam a22002177a 4500
005 20170124105949.0
010 _a712700
020 _c00.00
035 _a712700
037 _bCen Lib/Ret
040 _aDPL
_bEN
082 _a250
_bNAR
100 _aNariman, G.K.
_913143
245 _aLiterary history of sanskrit buddhism (from Winternitz, Sylvain Levi, Huber) /
_cby G.k. Nrariman
260 _aVaransi
_bIndological Book House
_c1973
270 _bVaransi
300 _axiii, 392p.
_c20cm(Hb)
650 _aTripiáš­aka -- Criticism, interpretation, etc
_972940
650 _aSanskrit literature -- History and criticism
_912062
942 _2ddc
_cEN
_h250
_mNAR
999 _c125139
_d125139